| 000 | 00929nam2a2200229 4500 | ||
|---|---|---|---|
| 001 | rc\2820260 | ||
| 005 | 20260315044354.0 | ||
| 035 | _a(NLR Aleph) 006978713 | ||
| 090 |
_a13568597 _c13568597 |
||
| 100 | _a20110621d1927 u y0rusy50 ca | ||
| 101 | 0 | _arus | |
| 102 | _aRU | ||
| 105 | _ay z ||||| | ||
| 200 | 1 | _aКультурно-исторические школьные экскурсии в Казани | |
| 210 | _d1927 | ||
| 461 | 0 |
_1001rc\2820257 _12001#$aБиблиотека экскурсионной базы ТССР$eВып. 1-8$fПод ред. С.П. Сингалевича$vВып. 3 _95509718 _cКазань _d1927-1929 _fПод ред. С.П. Сингалевича _nБ. и. _oВып. 1-8 _tБиблиотека экскурсионной базы ТССР _vВып. 3 |
|
| 700 | 1 |
_aАдо _bВ.И. |
|
| 801 | 0 |
_aRU _bNLR _gpsbo |
|
| 801 | 1 |
_aRU _bELAR _2rusmarc |
|
| 852 |
_aNLR _j41/3159 |
||
| 942 | _cUNSPEC | ||
| 980 | _aNB | ||